Central Library OPAC University of Rajshahi

Plato's analytic method / (Record no. 30898)

MARC details
000 -LEADER
fixed length control field 00727nam a2200253 4500
001 - CONTROL NUMBER
control field 30898
003 - CONTROL NUMBER IDENTIFIER
rucl marc code BD-RjUL
005 - DATE AND TIME OF LATEST TRANSACTION
control field 20211209051631.0
008 - FIXED-LENGTH DATA ELEMENTS--GENERAL INFORMATION
fixed length control field 140411s1969 e b 001 0 eng d
035 ## - SYSTEM CONTROL NUMBER
System control number (BD-RjUL)30985
040 ## - CATALOGING SOURCE
Original cataloging agency DLC
Transcribing agency DLC
Modifying agency BD-RjUL
Language of cataloging eng
041 ## - LANGUAGE CODE
Language code of text/sound track or separate title eng
082 00 - DEWEY DECIMAL CLASSIFICATION NUMBER
Classification number 184
Author mark and year SAP 1969
100 1# - MAIN ENTRY--PERSONAL NAME
Personal name Sayre, Kenneth M.,
Dates associated with a name 1928-
9 (RLIN) 3353
245 10 - TITLE STATEMENT
Title Plato's analytic method /
Statement of responsibility, etc. [by] Kenneth M. Sayre.
260 ## - PUBLICATION, DISTRIBUTION, ETC. (IMPRINT)
Place of publication, distribution, etc. Chicago :
Name of publisher, distributor, etc. University of Chicago Press,
Date of publication, distribution, etc. 1969.
300 ## - PHYSICAL DESCRIPTION
Pagination xi, 250 p. ;
Size 23 cm.
504 ## - BIBLIOGRAPHY, ETC. NOTE
Bibliography, etc Includes Bibliography: p. [239]-241 and index.
600 00 - SUBJECT ADDED ENTRY--PERSONAL NAME
Personal name Plato.
650 #0 - SUBJECT ADDED ENTRY--TOPICAL TERM
Topical term or geographic name as entry element Analysis (Philosophy)
9 (RLIN) 93878
942 ## - ADDED ENTRY ELEMENTS (KOHA)
Source of classification or shelving scheme Dewey Decimal Classification
Koha item type Books
Holdings
Lost status Source of classification or shelving scheme Damaged status Not for loan Collection code Permanent Location Current Location Shelving location Date acquired Source of acquisition Cost, normal purchase price Total Checkouts Full call number Date last seen Copy number Koha item type
  Dewey Decimal Classification     Non-fiction Central Library, University of Rajshahi Central Library, University of Rajshahi   10/02/1970 Zeit 0.00   184 SAP 1969 12/04/2014 C-2 Books
  Dewey Decimal Classification     Non-fiction Central Library, University of Rajshahi Central Library, University of Rajshahi   05/09/1970 Zitlinger 88.00   184 SAP 1969 12/04/2014 C-3 Books
  Dewey Decimal Classification   Not For Loan Non-fiction Central Library, University of Rajshahi Central Library, University of Rajshahi Reading Room 10/02/1970 Zeitlinger 0.00   184 SAP 1969 01/12/2016 C-1 Books